[Event "EU-Cup 29th"]
[Site "Rhodes"]
[Date "2013.10.26"]
[Round "7.2"]
[White "Tripoteau, Nicolas"]
[Black "Banikas, Hristos"]
[Result "0-1"]
[WhiteElo "2363"]
[BlackElo "2630"]
[PlyCount "114"]
[EventDate "2013.10.20"]
[EventType "team-swiss"]
[EventRounds "7"]
[EventCountry "GRE"]
[SourceTitle "CBM 157"]
[Source "ChessBase"]
[SourceDate "2013.11.12"]
[SourceVersion "1"]
[SourceVersionDate "2013.11.12"]
[SourceQuality "1"]
[WhiteTeam "Sautron"]
[BlackTeam "Peristeriou"]
[WhiteTeamCountry "FRA"]
[BlackTeamCountry "GRE"]

1. d4 Nf6 2. c4 e6 3. Nc3 Bb4 4. Qc2 c5 5. dxc5 0-0 6. Nf3 Na6 7. a3 Bxc3+ 8. Qxc3 Nxc5 9. g3 b6 10. Bg2 Bb7 11. 0-0 Rc8 12. Be3 d5 13. Ne5 Qe7 14. Rac1 dxc4 15. Qxc4 Bxg2 16. Kxg2 Qb7+ 17. Kg1 Rfd8 18. Rfd1 Rxd1+ 19. Rxd1 h6 20. Rc1 Rc7 21. b4 Na6 22. Qd3 Rxc1+ 23. Bxc1 Qc8 24. Bb2 Nb8 25. Qd6 Nfd7 26. b5 Qc2 27. Bd4 Qb1+ 28. Kg2 Qxb5 29. e4 Kh7 30. Nxf7 Qd3 31. f3 Qd2+ 32. Kf1 Qxh2 33. Nd8 e5 34. Bxe5 Qh5 35. f4 Qf3+ 36. Ke1 Qxe4+ 37. Kf2 Nxe5 38. fxe5 Qf5+ 39. Kg2 Nd7 40. e6 Qe4+ 41. Kf1 Ne5 42. e7 Qf3+ 43. Ke1 Qxg3+ 44. Kd1 Qf3+ 45. Kc2 Qe4+ 46. Kc3 Qe3+ 47. Kc2 Qe2+ 48. Kc3 Qb2+ 49. Kxb2 Nc4+ 50. Kc3 Nxd6 51. Nf7 Ne8 52. Ne5 g6 53. Kd4 Kg7 54. Kd5 Kf6 55. Ng4+ Kxe7 56. Nxh6 Nf6+ 57. Ke5 b5 0-1

[Event "EU-Cup 29th"]
[Site "Rhodes"]
[Date "2013.10.20"]
[Round "1.2"]
[White "Guseinov, Gadir"]
[Black "Tripoteau, Nicolas"]
[Result "1-0"]
[WhiteElo "2603"]
[BlackElo "2363"]
[PlyCount "57"]
[EventDate "2013.10.20"]
[EventType "team-swiss"]
[EventRounds "7"]
[EventCountry "GRE"]
[SourceTitle "CBM 157"]
[Source "ChessBase"]
[SourceDate "2013.11.12"]
[SourceVersion "1"]
[SourceVersionDate "2013.11.12"]
[SourceQuality "1"]
[WhiteTeam "Odlar Yurdu"]
[BlackTeam "Sautron"]
[WhiteTeamCountry "AZE"]
[BlackTeamCountry "FRA"]

1. e4 c5 2. Nc3 a6 3. Nf3 e6 4. d4 cxd4 5. Nxd4 Qc7 6. g3 Bb4 7. Bd2 Nf6 8. Bg2 Nc6 9. Nb3 Be7 10. 0-0 d6 11. f4 b5 12. a3 Bb7 13. g4 h6 14. Kh1 Nd7 15. Qe2 g5 16. Nd5 exd5 17. exd5 Na7 18. Bc3 Qc4 19. Rae1 Qxe2 20. Rxe2 f6 21. Na5 Bc8 22. Nc6 Nxc6 23. dxc6 Ne5 24. fxe5 dxe5 25. c7 Ra7 26. Bxe5 0-0 27. Bg3 Bc5 28. b4 Bxg4 29. Re4 1-0

[Event "FRA-chT1A 1112"]
[Site "France"]
[Date "2012.01.15"]
[Round "7.1"]
[White "Prie, Eric"]
[Black "Tripoteau, Nicolas"]
[Result "1-0"]
[WhiteElo "2490"]
[BlackElo "2392"]
[PlyCount "53"]
[EventDate "2011.10.16"]
[EventType "team-tourn"]
[EventRounds "11"]
[EventCountry "FRA"]
[SourceTitle "EXT 2013"]
[Source "ChessBase"]
[SourceDate "2012.11.22"]
[SourceVersion "1"]
[SourceVersionDate "2012.11.22"]
[SourceQuality "1"]
[WhiteTeam "Bordeaux"]
[BlackTeam "Sautron"]
[WhiteTeamCountry "FRA"]
[BlackTeamCountry "FRA"]

1. d4 Nf6 2. Bf4 c5 3. d5 Qb6 4. Nc3 Qxb2 5. Bd2 Qb6 6. e4 e5 7. f4 d6 8. f5 Be7 9. g4 h6 10. h4 h5 11. Rb1 Qc7 12. g5 Ng4 13. Be2 a6 14. a4 g6 15. Bxg4 hxg4 16. f6 Bd8 17. Nge2 c4 18. Ng3 Qc5 19. Ke2 Ba5 20. h5 gxh5 21. Nxh5 Rg8 22. Ng7+ Kf8 23. Qf1 Qd4 24. Nf5 Qc5 25. Rh7 g3 26. Be3 Qa3 27. Qh3 1-0

[Event "FRA-chT1A 1112"]
[Site "France"]
[Date "2012.01.14"]
[Round "6.2"]
[White "Inkiov, Ventzislav"]
[Black "Tripoteau, Nicolas"]
[Result "1/2-1/2"]
[WhiteElo "2456"]
[BlackElo "2392"]
[PlyCount "117"]
[EventDate "2011.10.16"]
[EventType "team-tourn"]
[EventRounds "11"]
[EventCountry "FRA"]
[SourceTitle "EXT 2013"]
[Source "ChessBase"]
[SourceDate "2012.11.22"]
[SourceVersion "1"]
[SourceVersionDate "2012.11.22"]
[SourceQuality "1"]
[WhiteTeam "Migne Auxences"]
[BlackTeam "Sautron"]
[WhiteTeamCountry "FRA"]
[BlackTeamCountry "FRA"]

1. d4 Nf6 2. c4 c5 3. d5 b5 4. Nf3 Bb7 5. a4 Qa5+ 6. Bd2 b4 7. Qc2 d6 8. e4 Nbd7 9. Bd3 h6 10. 0-0 g5 11. Bc1 Bg7 12. Nbd2 0-0-0 13. Re1 Ng4 14. Nf1 Nge5 15. Nxe5 Nxe5 16. Be2 Rdg8 17. Ng3 g4 18. Nf5 Bf8 19. Bf4 e6 20. Bxe5 dxe5 21. Ne3 h5 22. Red1 Bh6 23. Rd3 Rd8 24. Rad1 Qc7 25. R1d2 f5 26. dxe6 Bxe3 27. Rxe3 f4 28. Rxd8+ Rxd8 29. Rd3 Rd4 30. Rxd4 exd4 31. Bd3 Qe5 32. Qd2 h4 33. g3 hxg3 34. hxg3 fxg3 35. Qh6 gxf2+ 36. Kxf2 Kc7 37. Qh7+ Kb6 38. a5+ Kxa5 39. Ke2 Kb6 40. Qd7 Bc6 41. Qd8+ Qc7 42. e7 a5 43. Kd1 a4 44. Qg8 g3 45. Qh7 Qd7 46. Qg6 Qxe7 47. Qxg3 Bxe4 48. Bxe4 Qxe4 49. Qb8+ Qb7 50. Qd8+ Qc7 51. Qf6+ Ka5 52. Qe6 Qh7 53. Qd5 Kb6 54. Qd6+ Kb7 55. Qd5+ Kb8 56. Qd8+ Kb7 57. Qd5+ Kb8 58. Qd8+ Kb7 59. Qd5+ 1/2-1/2

[Event "FRA-chT1A 1112"]
[Site "France"]
[Date "2011.11.13"]
[Round "3.2"]
[White "Tripoteau, Nicolas"]
[Black "Lagarde, Maxime"]
[Result "0-1"]
[WhiteElo "2392"]
[BlackElo "2478"]
[PlyCount "78"]
[EventDate "2011.10.16"]
[EventType "team-tourn"]
[EventRounds "11"]
[EventCountry "FRA"]
[SourceTitle "EXT 2013"]
[Source "ChessBase"]
[SourceDate "2012.11.22"]
[SourceVersion "1"]
[SourceVersionDate "2012.11.22"]
[SourceQuality "1"]
[WhiteTeam "Sautron"]
[BlackTeam "Clichy"]
[WhiteTeamCountry "FRA"]
[BlackTeamCountry "FRA"]

1. d4 Nf6 2. Bg5 d5 3. Bxf6 exf6 4. e3 Bd6 5. Bd3 0-0 6. Nd2 Be6 7. c3 Nd7 8. Qf3 g6 9. g4 Re8 10. Ne2 c5 11. h4 cxd4 12. exd4 b5 13. a3 Nb6 14. Bxb5 Bd7 15. Bxd7 Qxd7 16. b3 Bxa3 17. Nf1 Qe7 18. Ne3 Rac8 19. Ra2 Bd6 20. Kf1 Qb7 21. Kg2 Re4 22. Qxf6 Qd7 23. Qf3 Rce8 24. Rc2 Qb5 25. Rb1 Rxe3 26. fxe3 Qd3 27. Rf1 f5 28. Rfc1 Rxe3 29. Nf4 fxg4 30. Nxd3 gxf3+ 31. Kf2 Rxd3 32. c4 Nd7 33. c5 Be7 34. c6 Bxh4+ 35. Kf1 Nb6 36. c7 Nc8 37. Rc5 Rxd4 38. Rb5 Re4 39. Rxd5 f2 0-1

[Event "FRA-chT1A 1112"]
[Site "France"]
[Date "2011.11.12"]
[Round "2.2"]
[White "Cotonnec, Melkior"]
[Black "Tripoteau, Nicolas"]
[Result "1-0"]
[WhiteElo "2315"]
[BlackElo "2392"]
[PlyCount "107"]
[EventDate "2011.10.16"]
[EventType "team-tourn"]
[EventRounds "11"]
[EventCountry "FRA"]
[SourceTitle "EXT 2013"]
[Source "ChessBase"]
[SourceDate "2012.11.22"]
[SourceVersion "1"]
[SourceVersionDate "2012.11.22"]
[SourceQuality "1"]
[WhiteTeam "Issy les Moulineaux"]
[BlackTeam "Sautron"]
[WhiteTeamCountry "FRA"]
[BlackTeamCountry "FRA"]

1. d4 Nf6 2. c4 c5 3. Nf3 cxd4 4. Nxd4 b6 5. Nc3 Bb7 6. f3 e6 7. e4 d6 8. Be3 a6 9. Qd2 Nbd7 10. Be2 Rc8 11. 0-0 Be7 12. Rfd1 0-0 13. Rac1 Qc7 14. Bf1 Qb8 15. a3 Kh8 16. b4 Rg8 17. Nb3 Bc6 18. a4 Ne5 19. Qf2 g5 20. h3 Bd8 21. Rb1 h5 22. Bd4 g4 23. hxg4 hxg4 24. f4 Ng6 25. Bd3 e5 26. Be3 g3 27. Qxg3 exf4 28. Qh2+ Kg7 29. Bxf4 Nxf4 30. Qxf4 a5 31. Nd4 Bd7 32. Rf1 b5 33. Nd5 Qa7 34. Qf2 Nxd5 35. Qxf7+ Kh6 36. Qxd5 Bg5 37. c5 Be3+ 38. Kh1 Rh8 39. Nf3 Bf4 40. Nh2 Be5 41. Bxb5 Kg5 42. g3 axb4 43. Bxd7 Qxd7 44. Rf5+ Kg6 45. Rxe5 Rxc5 46. Re6+ Kg7 47. Qd4+ Kg8 48. Rg6+ Kh7 49. Rh6+ Kxh6 50. Qxh8+ Kg6 51. Qg8+ Kh5 52. Rxb4 Rc1+ 53. Kg2 Rc2+ 54. Kf3 1-0

[Event "FRA-chT1A 1112"]
[Site "France"]
[Date "2011.10.16"]
[Round "1.3"]
[White "Amoyal, Pierre"]
[Black "Tripoteau, Nicolas"]
[Result "0-1"]
[WhiteElo "2188"]
[BlackElo "2392"]
[PlyCount "88"]
[EventDate "2011.10.16"]
[EventType "team-tourn"]
[EventRounds "11"]
[EventCountry "FRA"]
[SourceTitle "EXT 2013"]
[Source "ChessBase"]
[SourceDate "2012.11.22"]
[SourceVersion "1"]
[SourceVersionDate "2012.11.22"]
[SourceQuality "1"]
[WhiteTeam "Agneaux Saint Lo"]
[BlackTeam "Sautron"]
[WhiteTeamCountry "FRA"]
[BlackTeamCountry "FRA"]

1. d4 Nf6 2. c4 c5 3. d5 b5 4. Qc2 Na6 5. Nc3 bxc4 6. a3 Qa5 7. Bd2 d6 8. Ne4 Qb6 9. Nxf6+ exf6 10. e4 Be7 11. Bxc4 0-0 12. Ne2 f5 13. exf5 Bf6 14. Rb1 Nc7 15. 0-0 Re8 16. Bc3 Be5 17. b4 Ba6 18. b5 Bb7 19. Rfd1 Bxc3 20. Nxc3 Re5 21. h4 Ne8 22. Ne4 Qd8 23. Ng5 Bc8 24. g4 Nf6 25. f4 Re3 26. Qg2 h5 27. gxh5 Nxh5 28. Qf2 Rg3+ 29. Kh2 Rg4 30. Be2 Rxf4 31. Qe1 Nf6 32. Qg3 Ra4 33. Rg1 Qf8 34. Rbf1 Bd7 35. h5 Kh8 36. Ne6 fxe6 37. fxe6 Qe7 38. h6 gxh6 39. Qc3 Rh4+ 40. Kg3 Rd4 41. Qe3 Nh5+ 42. Bxh5 Qh4+ 43. Kf3 Qxh5+ 44. Kf2 Rf8+ 0-1

[Event "Mitropa Cup 30th"]
[Site "Merlimont"]
[Date "2011.10.14"]
[Round "7.9"]
[White "Michalik, Peter"]
[Black "Tripoteau, Nicolas"]
[Result "0-1"]
[WhiteElo "2511"]
[BlackElo "2397"]
[PlyCount "108"]
[EventDate "2011.10.08"]
[EventType "team-tourn"]
[EventRounds "9"]
[EventCountry "FRA"]
[SourceTitle "CBM 144 Extra"]
[Source "ChessBase"]
[SourceDate "2011.10.28"]
[SourceVersion "1"]
[SourceVersionDate "2011.10.28"]
[SourceQuality "1"]
[WhiteTeam "Slovakia"]
[BlackTeam "France III"]
[WhiteTeamCountry "SVK"]
[BlackTeamCountry "FRA"]

1. d4 Nf6 2. c4 c5 3. d5 d6 4. Nc3 g6 5. e4 Bg7 6. Be2 0-0 7. Nf3 e6 8. 0-0 Re8 9. Nd2 Na6 10. Re1 Nc7 11. h3 e5 12. a3 Rf8 13. b4 b6 14. bxc5 bxc5 15. Nb3 a5 16. a4 Na6 17. Be3 Rb8 18. Rb1 Bd7 19. Bf3 Rb4 20. Nb5 Qb6 21. Qc2 Rc8 22. Ra1 Ne8 23. Nc1 f5 24. Nd3 f4 25. Bd2 h5 26. h4 Bg4 27. Bxg4 hxg4 28. g3 f3 29. Be3 Nf6 30. Nxb4 Nxb4 31. Qb1 Kf7 32. Na3 Qa6 33. Rc1 Rh8 34. Nb5 Qb6 35. Kf1 Bh6 36. Bxh6 Rxh6 37. Ke1 Qd8 38. Kd2 Rh5 39. Re1 g5 40. hxg5 Nh7 41. Rh1 Rh3 42. Qb3 Nxg5 43. Qe3 Kg6 44. Rab1 Qe7 45. Rhf1 Rh7 46. Rfe1 Rh6 47. Rxb4 axb4 48. a5 Qd8 49. Ra1 Rh2 50. Kd3 Nh3 51. Ra2 b3 52. Rb2 Qxa5 53. Nxd6 Nxf2+ 54. Rxf2 b2 0-1

[Event "Mitropa Cup 30th"]
[Site "Merlimont"]
[Date "2011.10.11"]
[Round "4"]
[White "Kreisl, Robert"]
[Black "Tripoteau, Nicolas"]
[Result "1-0"]
[WhiteElo "2402"]
[BlackElo "2397"]
[PlyCount "77"]
[EventDate "2011.10.08"]
[EventType "team-tourn"]
[EventRounds "9"]
[EventCountry "FRA"]
[SourceTitle "CBM 144 Extra"]
[Source "ChessBase"]
[SourceDate "2011.10.28"]
[SourceVersion "1"]
[SourceVersionDate "2011.10.28"]
[SourceQuality "1"]
[WhiteTeam "Austria"]
[BlackTeam "France III"]
[WhiteTeamCountry "AUT"]
[BlackTeamCountry "FRA"]

1. Nf3 Nf6 2. g3 b6 3. Bg2 Bb7 4. 0-0 c5 5. c4 e6 6. Nc3 a6 7. Re1 d6 8. e4 Qc7 9. d4 cxd4 10. Nxd4 Be7 11. Be3 0-0 12. Rc1 Nbd7 13. f4 Rad8 14. Nd5 exd5 15. cxd5 Qb8 16. Nc6 Bxc6 17. dxc6 Nc5 18. b4 Ne6 19. f5 Nc7 20. Qf3 h6 21. h4 Rfe8 22. g4 d5 23. e5 Ne4 24. f6 Bf8 25. g5 hxg5 26. hxg5 Rxe5 27. Bf4 Nxg5 28. Qg3 Rxe1+ 29. Rxe1 Re8 30. Bxg5 Rxe1+ 31. Qxe1 Qa8 32. Qc3 Nb5 33. Qc2 Qe8 34. Qd2 Qxc6 35. Bxd5 Qc8 36. Qg2 Qc3 37. fxg7 Qd4+ 38. Kh2 Bxb4 39. Bxf7+ 1-0

[Event "Mitropa Cup 29th"]
[Site "Chur"]
[Date "2010.06.01"]
[Round "4"]
[White "Tripoteau, Nicolas"]
[Black "Doric, Darko"]
[Result "1-0"]
[WhiteElo "2425"]
[BlackElo "2452"]
[PlyCount "111"]
[EventDate "2010.05.29"]
[EventType "team-tourn"]
[EventRounds "9"]
[EventCountry "SUI"]
[SourceTitle "CBM 136 Extra"]
[Source "ChessBase"]
[SourceDate "2010.07.02"]
[SourceVersion "2"]
[SourceVersionDate "2010.07.15"]
[SourceQuality "1"]
[WhiteTeam "France"]
[BlackTeam "Croatia"]
[WhiteTeamCountry "FRA"]
[BlackTeamCountry "CRO"]

1. d4 d5 2. Nf3 Nf6 3. e3 c6 4. c4 e6 5. Nbd2 Nbd7 6. b3 Bd6 7. Bb2 b6 8. Bd3 Bb7 9. 0-0 0-0 10. Ne5 c5 11. cxd5 exd5 12. Qf3 Qe7 13. Nxd7 Nxd7 14. Qh3 g6 15. Nf3 Rad8 16. Qh6 f5 17. Nh4 cxd4 18. Bxd4 Ne5 19. Be2 Bc5 20. Nf3 Nxf3+ 21. Bxf3 Bxd4 22. exd4 Rfe8 23. Rac1 Ba6 24. Rfd1 Qd6 25. Qd2 Re7 26. Re1 Rde8 27. Rxe7 Rxe7 28. Qh6 Bb7 29. h4 Qf6 30. Qf4 Kg7 31. Rc7 h5 32. g3 Qf7 33. Rc1 Qe8 34. Kg2 Qd7 35. Rc3 Ba6 36. Qg5 Be2 37. Bxe2 Rxe2 38. Qf4 Re7 39. Qb8 Qb7 40. Qxb7 Rxb7 41. Rc6 Rd7 42. Kf3 Kh6 43. a4 Re7 44. Rd6 Rc7 45. Rxd5 Rc3+ 46. Kf4 Rxb3 47. a5 Rb2 48. f3 Rb3 49. Rd7 bxa5 50. d5 a6 51. Ra7 a4 52. Rxa6 a3 53. d6 Kg7 54. Kg5 Rxf3 55. Ra7+ Kf8 56. Ra8+ 1-0

[Event "Mitropa Cup 29th"]
[Site "Chur"]
[Date "2010.05.30"]
[Round "2"]
[White "Tripoteau, Nicolas"]
[Black "Buss, Ralph"]
[Result "1-0"]
[WhiteElo "2425"]
[BlackElo "2430"]
[PlyCount "63"]
[EventDate "2010.05.29"]
[EventType "team-tourn"]
[EventRounds "9"]
[EventCountry "SUI"]
[SourceTitle "CBM 136 Extra"]
[Source "ChessBase"]
[SourceDate "2010.07.02"]
[SourceVersion "2"]
[SourceVersionDate "2010.07.15"]
[SourceQuality "1"]
[WhiteTeam "France"]
[BlackTeam "Switzerland"]
[WhiteTeamCountry "FRA"]
[BlackTeamCountry "SUI"]

1. d4 Nf6 2. Nf3 d5 3. e3 c5 4. dxc5 e6 5. b4 a5 6. c3 axb4 7. cxb4 b6 8. Bb5+ Bd7 9. Bxd7+ Nbxd7 10. 0-0 bxc5 11. b5 Bd6 12. Bb2 0-0 13. a4 c4 14. Nbd2 Qa5 15. Nxc4 Bxh2+ 16. Nxh2 dxc4 17. Qd4 Rfc8 18. Bc3 e5 19. Qd2 Qb6 20. Qb2 Ne4 21. a5 Qc5 22. Rfb1 Rcb8 23. b6 Ra6 24. Nf3 f6 25. Nd2 Nxd2 26. Qxd2 Qc6 27. Rb4 Rba8 28. Rd1 Nf8 29. Qd5+ Qxd5 30. Rxd5 Rc8 31. Rbb5 Ne6 32. Rd6 1-0

[Event "FRA-chT1 0910"]
[Site "France"]
[Date "2009.12.13"]
[Round "7.2"]
[White "Tripoteau, Nicolas"]
[Black "Lambert, Romain"]
[Result "1-0"]
[WhiteElo "2406"]
[BlackElo "2010"]
[PlyCount "107"]
[EventDate "2009.09.27"]
[EventType "team-tourn"]
[EventRounds "11"]
[EventCountry "FRA"]
[SourceTitle "EXT 2011"]
[Source "ChessBase"]
[SourceDate "2010.11.26"]
[SourceVersion "1"]
[SourceVersionDate "2010.11.26"]
[SourceQuality "1"]

1. d4 d5 2. Nf3 c6 3. e3 Nf6 4. c4 e6 5. Nbd2 Nbd7 6. b3 Bd6 7. Bb2 Qc7 8. Rc1 0-0 9. Bd3 e5 10. cxd5 Nxd5 11. dxe5 Nxe5 12. Nxe5 Bxe5 13. Bxh7+ Kxh7 14. Qh5+ Kg8 15. Qxe5 Qxe5 16. Bxe5 Nb4 17. Ke2 Re8 18. Bd6 Nd5 19. Kf3 Re6 20. Bg3 b6 21. e4 Nf6 22. e5 Nd5 23. Nc4 c5 24. Rhe1 Nb4 25. Red1 Bb7+ 26. Ke3 Nxa2 27. Ra1 Nb4 28. Rd2 Nc6 29. Nd6 Nxe5 30. Nxb7 Nc4+ 31. Kd3 Nxd2 32. Kxd2 Re4 33. Kc3 a5 34. Ra4 Rb4 35. Rxb4 cxb4+ 36. Kc4 Rc8+ 37. Kb5 Rc3 38. Ka4 b5+ 39. Kxb5 Rxb3 40. Nxa5 Rb1 41. Kc4 f5 42. Nb3 Rg1 43. Nd4 g6 44. Nf3 Rb1 45. Be5 b3 46. Kc3 b2 47. Bg3 f4 48. Bh4 Rg1 49. Kxb2 Rxg2 50. h3 Kf7 51. Kc3 Ke6 52. Kd3 Kf5 53. Ke2 Ke4 54. Bd8 1-0

[Event "FRA-chT1 0910"]
[Site "France"]
[Date "2009.12.12"]
[Round "6.1"]
[White "Tripoteau, Nicolas"]
[Black "Picard, Romain"]
[Result "1-0"]
[WhiteElo "2406"]
[BlackElo "2376"]
[PlyCount "89"]
[EventDate "2009.09.27"]
[EventType "team-tourn"]
[EventRounds "11"]
[EventCountry "FRA"]
[SourceTitle "EXT 2011"]
[Source "ChessBase"]
[SourceDate "2010.11.26"]
[SourceVersion "1"]
[SourceVersionDate "2010.11.26"]
[SourceQuality "1"]

1. d4 e6 2. c4 b6 3. e4 Bb7 4. Bd3 f5 5. exf5 Bb4+ 6. Kf1 Nf6 7. Ne2 0-0 8. f3 Nc6 9. Be3 Kh8 10. a3 Bd6 11. Nbc3 exf5 12. Bxf5 Ne7 13. Bh3 Ng6 14. Ng3 Bf4 15. Bf2 d5 16. c5 bxc5 17. dxc5 Ba6+ 18. Kg1 Rb8 19. b4 Bc4 20. Nf5 a5 21. Rb1 axb4 22. axb4 Ra8 23. Nd4 Re8 24. Nc6 d4 25. Nxd8 dxc3 26. Qc2 Bd2 27. Be6 Bxe6 28. Nxe6 Rxe6 29. g3 Re2 30. Kf1 Rae8 31. Qd3 R2e7 32. Kg2 Ne5 33. Qf5 Nc4 34. Kh3 Be3 35. Qd3 Nd2 36. Rbe1 Bxf2 37. Rxe7 Rxe7 38. Qxc3 Be3 39. Re1 Nd5 40. Qd3 c6 41. Kg2 h5 42. b5 h4 43. bxc6 h3+ 44. Kxh3 Nxf3 45. Qxd5 1-0

[Event "FRA-chT1 0910"]
[Site "France"]
[Date "2009.11.22"]
[Round "5.1"]
[White "Roser, Kevin"]
[Black "Tripoteau, Nicolas"]
[Result "0-1"]
[WhiteElo "2433"]
[BlackElo "2406"]
[PlyCount "176"]
[EventDate "2009.09.27"]
[EventType "team-tourn"]
[EventRounds "11"]
[EventCountry "FRA"]
[SourceTitle "EXT 2011"]
[Source "ChessBase"]
[SourceDate "2010.11.26"]
[SourceVersion "1"]
[SourceVersionDate "2010.11.26"]
[SourceQuality "1"]

1. e4 c5 2. Nf3 d6 3. d4 cxd4 4. Nxd4 Nf6 5. Nc3 a6 6. Be2 e6 7. f4 Be7 8. 0-0 0-0 9. Be3 Nc6 10. Kh1 Nxd4 11. Qxd4 Qc7 12. a4 e5 13. Qd3 exf4 14. Bxf4 Be6 15. Rfd1 Rfd8 16. a5 Ne8 17. Nd5 Bxd5 18. exd5 Nf6 19. c4 Nd7 20. b4 Bf6 21. Rac1 Ne5 22. Qd2 Ng6 23. Be3 Re8 24. Bf1 Qe7 25. Re1 Be5 26. Qf2 Qd7 27. c5 dxc5 28. Bxc5 Bf6 29. Red1 Bh4 30. Qc2 Ne5 31. Qb3 Ng4 32. b5 Bf2 33. Qf3 Bxc5 34. Rxc5 Qd6 35. Qxg4 Qxc5 36. bxa6 bxa6 37. Qa4 Rad8 38. Bxa6 Qxd5 39. Ra1 Qd2 40. Bf1 Re1 41. a6 Rxa1 42. Qxa1 Qd1 43. Qxd1 Rxd1 44. Kg1 Ra1 45. Kf2 Kf8 46. Bc4 Ke7 47. Ke3 f6 48. Bd3 h6 49. Ke4 Ra5 50. h3 Ke6 51. Bc4+ Kd6 52. Bd3 f5+ 53. Kd4 g6 54. Bc4 Ra4 55. Kc3 Kc5 56. Kb3 Ra1 57. Kb2 Ra5 58. Kb3 Kb6 59. Kc3 Kc5 60. Kb3 g5 61. Bd3 Kb6 62. Kb4 Ra2 63. Bxf5 Rxg2 64. Kc4 Rd2 65. Kb3 Rf2 66. Bc8 Rf8 67. Bb7 Rd8 68. Kc2 h5 69. Bf3 Kxa6 70. Bxh5 Kb5 71. Kc3 Kc5 72. Be2 Rd6 73. Bf3 Rd4 74. Bb7 Ra4 75. Kd2 Ra3 76. Bc8 Kd4 77. Ke2 Ke4 78. Kf2 Kf4 79. Be6 Rc3 80. Bg4 Rc2+ 81. Be2 Rb2 82. Kf1 Kg3 83. Bg4 Rb1+ 84. Ke2 Rh1 85. Bc8 Rxh3 86. Bxh3 Kxh3 87. Kf2 g4 88. Kf1 Kh2 0-1

[Event "Agneaux St Lo IM"]
[Site "Agneaux"]
[Date "2009.07.08"]
[Round "1"]
[White "Song, Julien"]
[Black "Tripoteau, Nicolas"]
[Result "0-1"]
[WhiteElo "2319"]
[BlackElo "2398"]
[PlyCount "88"]
[EventDate "2009.07.08"]
[EventType "tourn"]
[EventRounds "9"]
[EventCountry "FRA"]
[EventCategory "4"]
[SourceTitle "CBM 131 Extra"]
[Source "ChessBase"]
[SourceDate "2009.09.03"]
[SourceVersion "2"]
[SourceVersionDate "2009.09.16"]
[SourceQuality "1"]

1. d4 Nf6 2. c4 a6 3. Nf3 b5 4. cxb5 axb5 5. Nbd2 Bb7 6. e3 b4 7. Qc2 e6 8. Bd3 c5 9. dxc5 Na6 10. Nb3 Rc8 11. Bxa6 Bxa6 12. Bd2 Rb8 13. Rc1 Be7 14. Ne5 Qc7 15. Nd3 Qc6 16. f3 Qb5 17. Ke2 0-0 18. Nd4 Qb7 19. Kf2 Rfc8 20. Rhd1 Bxd3 21. Qxd3 Bxc5 22. Nb3 Be7 23. Rxc8+ Rxc8 24. Rc1 Ra8 25. Qc4 h6 26. Nd4 Qd5 27. Qxd5 Nxd5 28. Ra1 Bf6 29. a4 bxa3 30. Rxa3 Rb8 31. Bc3 Nxc3 32. bxc3 Rb2+ 33. Kg3 d5 34. Ra1 g5 35. Rc1 Be5+ 36. Kh3 Rd2 37. Nc6 Bf6 38. c4 Bb2 39. Rb1 dxc4 40. Na5 c3 41. Nc4 Re2 42. Nxb2 cxb2 43. g3 Kg7 44. e4 Kg6 0-1

[Event "FRA-chT1B 0809"]
[Site "France"]
[Date "2009.03.15"]
[Round "9.2"]
[White "Tripoteau, Nicolas"]
[Black "Demuth, Adrien"]
[Result "1/2-1/2"]
[WhiteElo "2361"]
[BlackElo "2332"]
[PlyCount "70"]
[EventDate "2008.10.19"]
[EventType "team-tourn"]
[EventRounds "11"]
[EventCountry "FRA"]
[SourceTitle "EXT 2010"]
[Source "ChessBase"]
[SourceDate "2010.11.25"]
[SourceVersion "1"]
[SourceVersionDate "2010.11.25"]
[SourceQuality "1"]
[WhiteTeam "Sautron"]
[BlackTeam "Niort"]
[WhiteTeamCountry "FRA"]
[BlackTeamCountry "FRA"]

1. d4 Nf6 2. c4 g6 3. Nc3 Bg7 4. e4 d6 5. Nf3 0-0 6. Be2 e5 7. 0-0 Nc6 8. d5 Ne7 9. Ne1 Nd7 10. Nd3 f5 11. Bd2 Nf6 12. f3 f4 13. Rc1 g5 14. c5 Ne8 15. Nb5 Ng6 16. Ba5 b6 17. Be1 bxc5 18. b4 a6 19. Na3 cxb4 20. Nxb4 h5 21. Nc6 Qf6 22. Bf2 Bh6 23. Na7 Bd7 24. Bxa6 g4 25. Bb5 g3 26. Bxd7 gxf2+ 27. Rxf2 Rxa7 28. Nb5 Rb7 29. a4 Qd8 30. Bc6 Qb8 31. Bxb7 Qxb7 32. Qb3 Qb6 33. Kf1 Rf7 34. Qb4 Ne7 35. Qc4 Qa6 1/2-1/2

[Event "FRA-chT1B 0809"]
[Site "France"]
[Date "2009.02.08"]
[Round "7.3"]
[White "Webb, Laurence"]
[Black "Tripoteau, Nicolas"]
[Result "0-1"]
[WhiteElo "2347"]
[BlackElo "2361"]
[PlyCount "152"]
[EventDate "2008.10.19"]
[EventType "team-tourn"]
[EventRounds "11"]
[EventCountry "FRA"]
[SourceTitle "EXT 2010"]
[Source "ChessBase"]
[SourceDate "2010.11.25"]
[SourceVersion "1"]
[SourceVersionDate "2010.11.25"]
[SourceQuality "1"]
[WhiteTeam "Echiquier Berry Sologne"]
[BlackTeam "Sautron"]
[WhiteTeamCountry "FRA"]
[BlackTeamCountry "FRA"]

1. e4 d5 2. exd5 Nf6 3. c4 e6 4. dxe6 Bxe6 5. Nf3 Qe7 6. Be2 Bxc4 7. d3 Ba6 8. 0-0 Nc6 9. Re1 0-0-0 10. Nc3 Qd7 11. Bf4 Qf5 12. Bg3 Bxd3 13. Bxd3 Rxd3 14. Qa4 Bc5 15. Rac1 Bb6 16. Qc4 Nh5 17. Na4 Nxg3 18. Nxb6+ axb6 19. hxg3 f6 20. a4 Qd5 21. Qg4+ Qd7 22. Qc4 Kb8 23. b4 Rd5 24. Re4 Rd1+ 25. Re1 Rxc1 26. Rxc1 Re8 27. b5 Na5 28. Qc2 g6 29. Rd1 Qf7 30. Qd3 Nb3 31. Qd7 Qe7 32. Qd5 Nc5 33. Re1 Qf8 34. Rxe8+ Qxe8 35. Qd4 Qe7 36. g4 Qd6 37. Qa1 Qf4 38. Qa2 Qxg4 39. Qg8+ Qc8 40. Qxh7 Qe8 41. Qh4 Qd8 42. Kh2 g5 43. Qc4 Qd6+ 44. Kh3 Ka7 45. Qd4 Qe7 46. g3 f5 47. Kg2 g4 48. Ne5 Nb3 49. Qc3 Qc5 50. Qxc5 Nxc5 51. Nc4 Nxa4 52. Ne3 Nc3 53. Nxf5 Nxb5 54. Ne3 Nd4 55. Nxg4 b5 56. Ne3 b4 57. f4 b3 58. Nd1 c5 59. Kf2 c4 60. Ke3 Nb5 61. Kd2 b2 62. Kc2 c3 63. Nxc3 Nxc3 64. Kxb2 Nd5 65. f5 Nf6 66. Kc3 b5 67. Kd4 Kb6 68. Ke5 Nh7 69. g4 b4 70. Kd4 Kb5 71. Kd3 Ka4 72. Kc2 Ka3 73. Kb1 Kb3 74. f6 Nxf6 75. g5 Nh5 76. g6 Ng7 0-1

[Event "FRA-chT1B 0809"]
[Site "France"]
[Date "2009.02.07"]
[Round "6.3"]
[White "Jolly, Jean Francois"]
[Black "Tripoteau, Nicolas"]
[Result "0-1"]
[WhiteElo "2355"]
[BlackElo "2361"]
[PlyCount "42"]
[EventDate "2008.10.19"]
[EventType "team-tourn"]
[EventRounds "11"]
[EventCountry "FRA"]
[SourceTitle "EXT 2010"]
[Source "ChessBase"]
[SourceDate "2010.11.25"]
[SourceVersion "1"]
[SourceVersionDate "2010.11.25"]
[SourceQuality "1"]
[WhiteTeam "Guingamp"]
[BlackTeam "Sautron"]
[WhiteTeamCountry "FRA"]
[BlackTeamCountry "FRA"]

1. d4 Nf6 2. c4 c5 3. d5 b5 4. cxb5 a6 5. Nc3 axb5 6. e4 b4 7. Nb5 d6 8. Bf4 g5 9. Be3 Bg7 10. e5 Ng4 11. e6 Nxe3 12. fxe3 Qa5 13. exf7+ Kd8 14. Qd2 Bd7 15. Nf3 h6 16. Qd3 Bxb2 17. Qg6 Bxb5 18. Bxb5 Qxb5 19. Qg8+ Kc7 20. Qxh8 Bxh8 21. f8Q Bxa1 0-1